Statistics for South America Map Quiz

Click here to take the quiz!

General Stats

  • This quiz has been taken 27 times
  • The average score is 11 of 12

Answers on the Map

Answers color-coded by a green-red scale on the quiz's map according to % correct below.
 

Answer Stats

Answer% Correct
Brazil
100%
Guyana
95%
Argentina
90%
Chile
90%
Ecuador
90%
Paraguay
90%
Peru
90%
Colombia
86%
Uruguay
86%
Venezuela
86%
Bolivia
81%
Suriname
76%

Score Distribution

Percentile by Number Answered

Percent of People with Each Score

Your Score History

You have not taken this quiz